The art of Vietnam (Record no. 5836)
[ view plain ]
| 000 -LEADER | |
|---|---|
| fixed length control field | 01249cam a2200361 4500 |
| 001 - CONTROL NUMBER | |
| control field | 2209411 |
| 003 - CONTROL NUMBER IDENTIFIER | |
| control field | OSt |
| 005 - DATE AND TIME OF LATEST TRANSACTION | |
| control field | 20260429152204.0 |
| 008 - FIXED-LENGTH DATA ELEMENTS--GENERAL INFORMATION | |
| fixed length control field | 740529s1973 enka b 000 0 eng |
| 010 ## - LIBRARY OF CONGRESS CONTROL NUMBER | |
| LC control number | 74165651 |
| 015 ## - NATIONAL BIBLIOGRAPHY NUMBER | |
| National bibliography number | GB74-06464 |
| 020 ## - INTERNATIONAL STANDARD BOOK NUMBER | |
| International Standard Book Number | 0600391256 |
| 035 ## - SYSTEM CONTROL NUMBER | |
| System control number | 2209411 |
| 040 ## - CATALOGING SOURCE | |
| Original cataloging agency | DLC |
| Transcribing agency | Foundation University |
| 041 1# - LANGUAGE CODE | |
| Language code of text/sound track or separate title | eng |
| -- | cze |
| 043 ## - GEOGRAPHIC AREA CODE | |
| Geographic area code | a-vt--- |
| 050 00 - LIBRARY OF CONGRESS CALL NUMBER | |
| Classification number | N 7321 |
| Item number | H45 .1973 |
| 100 1# - MAIN ENTRY--PERSONAL NAME | |
| Personal name | Hejzlar, Josef. |
| 9 (RLIN) | 15764 |
| 245 14 - TITLE STATEMENT | |
| Title | The art of Vietnam |
| Statement of responsibility, etc. | [by] J. Hejzlar, with photographs by W. and B. Forman. [Translated from the Czech ms. by Till Gottheiner] |
| 260 ## - PUBLICATION, DISTRIBUTION, ETC. | |
| Place of publication, distribution, etc. | London, |
| -- | New York, |
| Name of publisher, distributor, etc. | Hamlyn, |
| Date of publication, distribution, etc. | 1973. |
| 264 ## - PRODUCTION, PUBLICATION, DISTRIBUTION, MANUFACTURE, AND COPYRIGHT NOTICE | |
| Copyright Date | 1973 |
| 300 ## - PHYSICAL DESCRIPTION | |
| Extent | 3-263 p. |
| Other physical details | illus. (some col.) |
| Dimensions | 28 cm. |
| Materials specified | books |
| Type of unit | books |
| 336 ## - CONTENT TYPE | |
| Content type term | text |
| Content type code | txt |
| Source | rdacontent |
| Materials specified | books |
| 337 ## - MEDIA TYPE | |
| Media type term | unmediated |
| Media type code | n |
| Source | rdamedia |
| Materials specified | books |
| 338 ## - CARRIER TYPE | |
| Carrier type term | volume |
| Carrier type code | nc |
| Source | rdacarrier |
| Materials specified | books |
| 504 ## - BIBLIOGRAPHY, ETC. NOTE | |
| Bibliography, etc. note | Bibliography: p. [254]. |
| 650 #0 - SUBJECT ADDED ENTRY--TOPICAL TERM | |
| Topical term or geographic name entry element | Art, Vietnamese. |
| 9 (RLIN) | 15765 |
| 700 1# - ADDED ENTRY--PERSONAL NAME | |
| Personal name | Forman, Werner, |
| Relator term | illus. |
| 9 (RLIN) | 15766 |
| 700 1# - ADDED ENTRY--PERSONAL NAME | |
| Personal name | Forman, Bedrich, |
| Relator term | illus. |
| 9 (RLIN) | 15767 |
| 906 ## - LOCAL DATA ELEMENT F, LDF (RLIN) | |
| a | 7 |
| b | cbc |
| c | orignew |
| d | 3 |
| e | ncip |
| f | 19 |
| g | y-gencatlg |
| 942 ## - ADDED ENTRY ELEMENTS (KOHA) | |
| Source of classification or shelving scheme | Library of Congress Classification |
| Koha item type | Books |
| Classification part | N 7321 |
| Item part | .1973 H45 |
| Call number prefix | (DAFA-FA) |
| Withdrawn status | Lost status | Source of classification or shelving scheme | Damaged status | Not for loan | Collection code | Home library | Current library | Shelving location | Date acquired | Source of acquisition | Total Checkouts | Full call number | Barcode | Date last seen | Price effective from | Koha item type | Accession Number |
|---|---|---|---|---|---|---|---|---|---|---|---|---|---|---|---|---|---|
| Library of Congress Classification | Non-fiction | Foundation University Library | Foundation University Library | DoArchitecture & Fine Arts | 04/29/2026 | Donations | (DAFA-FA) N 7321 .1973 H45 | 0192026003285 | 04/29/2026 | 04/29/2026 | Books | DAFA-2026285 |
